Mosaics and melting pots in motion : (Registro nro. 70336)
[ vista simple ]
| 000 -LÍDER | |
|---|---|
| Campo fijo de descripción fija | 02051nab a2200253 i 4500 |
| 001 - NÚMERO DE CONTROL | |
| Campo de control | 768714001 |
| 003 - IDENTIFICADOR DEL NÚMERO DE CONTROL | |
| Campo de control | CO-MdFUSB |
| 005 - FECHA Y HORA DE LA ULTIMA TRANSACCIÓN | |
| control field | 20240620163546.0 |
| 008 - ELEMENTOS DE LONGITUD FIJA -- INFORMACIÓN GENERAL | |
| Campo fijo de descripción fija -- Información general | 240620t1993 us ||||| |||| 00| 0 eng d |
| 040 ## - FUENTE DE CATALOGACIÓN | |
| Idioma de catalogación | spa |
| Agencia que realiza la transcripción | CO-MdFUSB |
| Agencia que realiza la modificación | CO-MdFUSB |
| 041 ## - CÓDIGO DE IDIOMA | |
| Código de idioma para texto/pista de sonido o título separado | eng |
| 100 ## - ASIENTO PRINCIPAL--NOMBRE PERSONAL | |
| Nombre personal | Bibby, Reginald Wayne, |
| Fechas asociadas con el nombre | 1943- |
| Término relacionador | autor |
| 245 1# - TÍTULO | |
| Título | Mosaics and melting pots in motion : |
| Subtitulo | reading and responding to New Times |
| Mención de responsabilidad | / Reginald Wayne Bibby |
| 520 ## - NOTA DE RESUMEN, ETC. | |
| Nota de sumario, etc. | Como los dos principales receptores de personas de otros países en el mundo, Estados Unidos y Canadá han tenido que desarrollar políticas que respondan a su creciente diversidad cultural. Mientras que Estados Unidos históricamente ha adoptado un enfoque asimilacionista y de crisol de culturas, Canadá ha elegido un camino muy diferente. Desde la década de 1960, el vecino del norte de Estados Unidos ha estado involucrado en un experimento cultural interesante y bastante singular. La asimilación ha sido rechazada en favor del pluralismo, el crisol de culturas despreciado en favor del multiculturalismo. Vale la pena observar el experimento, especialmente en vista del hecho de que el resurgimiento mundial de las lealtades étnicas está obligando a otros países, incluido Estados Unidos, a considerar una gama de posibilidades pluralistas. El autor examina el resultado hasta la fecha del experimento multicultural canadiense, incluidas algunas de las consecuencias directas para la religión. Concluye con una discusión de las implicaciones de lo que ha estado sucediendo en Canadá para otros países, en particular Estados Unidos. |
| 546 ## - NOTA DE IDIOMA | |
| Nota de idioma | Texto en inglés. |
| 650 #7 - ASIENTO SECUNDARIO DE MATERIA - TERMINO TEMÁTICO | |
| Término temático o nombre geográfico como elemento de entrada | Antropología cultural y social |
| 9 (RLIN) | 6714 |
| 650 #7 - ASIENTO SECUNDARIO DE MATERIA - TERMINO TEMÁTICO | |
| Término temático o nombre geográfico como elemento de entrada | Política social |
| 9 (RLIN) | 2578 |
| 650 #7 - ASIENTO SECUNDARIO DE MATERIA - TERMINO TEMÁTICO | |
| Término temático o nombre geográfico como elemento de entrada | Análisis transcultural |
| 9 (RLIN) | 7076 |
| 650 #7 - ASIENTO SECUNDARIO DE MATERIA - TERMINO TEMÁTICO | |
| Término temático o nombre geográfico como elemento de entrada | Religión y cultura |
| 9 (RLIN) | 388 |
| 653 ## - TÉRMINO DE INDIZACIÓN - NO CONTROLADO | |
| Término no controlado | Estados Unidos - Canadá |
| 773 0# - ASIENTO DE ITEM FUENTE | |
| Biblionumber | 49486 |
| Itemnumber | 61126 |
| Lugar, editorial y fecha de publicación | Pasadena |
| Otro identificador del ítem | R0888 |
| Título | Missiology: |
| Número de control del registro | (CO-MdFUSB)97 |
| Parte(s) relacionada(s) / Volumen., número. (mes año), páginas | Volumen 21, (número 4, 1993) páginas: 413 - 428 |
| Enumeración y primera página | página: 413 |
| 942 ## - TIPO DE MATERIAL (KOHA) | |
| Tipo de Item KOHA | Artículos de Revista |
| 945 ## - INFORMACIÓN LOCAL DEL REGISTRO | |
| Catalogador | Catherine Arias Álvarez - Practicante SENA |
No hay ítems disponibles.
